More Images That Start with B Quiz Stats

 Plays Quiz Updated Nov 8, 2017

Challenge
Share
Tweet
Score 0/20 Timer 03:00
5 Plays Today
% Correct
butterfly
99.4%
button
99.4%
bananas
99.1%
bat
98.7%
brush
98.3%
bucket
98.2%
broom
98.2%
bullet
98.1%
bacon
96.7%
beaver
96.4%
% Correct
bandage
96.3%
boomerang
96%
balcony
95.9%
bagpipes
95.8%
binoculars
95%
burrito
93.9%
bolt
93.2%
beryl bracelet
93.1%
blimp
86.5%
buttercup
58.9%

You're not logged in!

Compare scores with friends on all Sporcle quizzes.
Join for Free
OR
Log In

You Might Also Like...

Show Comments

Extras

Top Quizzes Today


Score Distribution

Your Account Isn't Verified!

In order to create a playlist on Sporcle, you need to verify the email address you used during registration. Go to your Sporcle Settings to finish the process.

Report this User

Report this user for behavior that violates our Community Guidelines.

Details: